The open economy : tools for policymakers in developing countries / (Record no. 519)

MARC details
000 -LEADER
fixed length control field 01310nam a22001817a 4500
008 - FIXED-LENGTH DATA ELEMENTS--GENERAL INFORMATION
fixed length control field 120127t xxu||||| |||| 00| 0 eng d
020 ## - INTERNATIONAL STANDARD BOOK NUMBER
International Standard Book Number 0195206568 9780195206562
050 ## - LIBRARY OF CONGRESS CALL NUMBER
Classification number HC59.7.O59
100 ## - MAIN ENTRY--PERSONAL NAME
Personal name Dornbusch, Rudiger.
245 ## - TITLE STATEMENT
Title The open economy : tools for policymakers in developing countries /
Statement of responsibility, etc. Rudiger, Dornbusch.
260 ## - PUBLICATION, DISTRIBUTION, ETC.
Place of publication, distribution, etc. New York :
Name of publisher, distributor, etc. Published for the World Bank, Oxford University Press,
Date of publication, distribution, etc. 1988.
300 ## - PHYSICAL DESCRIPTION
Extent x, 414 p. :
Other physical details ill. ;
Dimensions 25 cm.
500 ## - GENERAL NOTE
General note Includes index.
505 ## - FORMATTED CONTENTS NOTE
Formatted contents note Contents: Introduction -- The Real exchange rate -- Policy issues and the main policy tools -- External shocks and domestic policy responses -- Overvaluation and trade balance -- Devaluation and Inflation -- Multiple exchange rates, capital controls and commercial policy -- Exchange reserves as shock absorbers -- External borrowing and debt management -- Opening up: Liberalization with stabilization -- Policymaking and economic policy in small developing countries -- Country studies -- Brazil -- Indonesia -- Korea -- Mexico -- Includes appendix -- Sources of current data -- National accounting identities -- Real-exchange-rate indexes.
650 ## - SUBJECT ADDED ENTRY--TOPICAL TERM
Topical term or geographic name entry element Developing countries
General subdivision Economic policy
-- Case studies.
650 ## - SUBJECT ADDED ENTRY--TOPICAL TERM
Topical term or geographic name entry element Developing countries
General subdivision Economic development
-- Theories.
942 ## - ADDED ENTRY ELEMENTS (KOHA)
Source of classification or shelving scheme Library of Congress Classification
Koha item type Books
Holdings
Withdrawn status Lost status Source of classification or shelving scheme Damaged status Not for loan Home library Current library Shelving location Date acquired Total Checkouts Full call number Barcode Date last seen Copy number Price effective from Koha item type
    Library of Congress Classification     WISCONSIN INTERNATIONAL UNIVERSITY COLLEGE, GHANA - MAIN LIBRARY WISCONSIN INTERNATIONAL UNIVERSITY COLLEGE, GHANA - MAIN LIBRARY General Stacks 27/01/2012   HC59.7.O529 1049/11 27/01/2012 1 27/01/2012 Books

If you have any concerns or questions; kindly contact the library


© Powered by WIUC ICT DIRECTORATE